| 000 | 00392nam a2200145 a 4500 | ||
|---|---|---|---|
| 001 | 1732 | ||
| 003 | CDMR | ||
| 005 | 20130116135214.0 | ||
| 008 | 130130s1995||||||||||||||||||||||||||||d | ||
| 040 |
_aCDMR _bcat _cCPC GIRONA |
||
| 100 | 1 |
_aNúñez Ladevéze, Luís _9759 |
|
| 245 | 1 | 0 |
_aIntroducción al periodismo escrito _cNúñez Ladevéze, Luis |
| 260 |
_c1995 _bAriel Comunicación |
||
| 942 | _cMON | ||
| 999 |
_c1732 _d1732 |
||